00220nam a2200073Ia 4500082001800000245006300018100002400081008004100105 a822.9148 LIKE 0aLike drama, like life : a selection of plays for students  aScheffler, Blanche 210825s9999 xx 000 0 und d